The 8 US states with between 1m & 2m people - Statistics

General Stats
  • This quiz has been taken 27 times
  • The average score is 5 of 8
Answer Stats
Millions Answer % Correct
1.7 Idaho
82%
1 Montana
77%
1 Rhode Island
77%
1.3 Maine
73%
1.3 New Hampshire
68%
1.4 Hawaii
59%
1.8 West Virginia
55%
1.9 Nebraska
41%
No matching quizzes found
Score Distribution
Percent of People with Each Score
Percentile by Number Answered
Your Score History
You have not taken this quiz